书目信息 |
| 题名: |
奥林匹克在天津1896-2008
|
|
| 作者: | ;天津市人民政府新闻办公室 编著 | |
| 分册: | ||
| 出版信息: | 北京 五洲传播出版社 2008.04 |
|
| 页数: | 208页 | |
| 开本: | 20cm | |
| 丛书名: | ||
| 单 册: | ||
| 中图分类: | G812.721 | |
| 科图分类: | ||
| 主题词: | 体育事业--世界 | |
| 电子资源: | ||
| ISBN: | 978-7-5085-1264-8 | |
| 000 | 00688nam0 2200205 45 | |
| 001 | 0930996929 | |
| 005 | 20091009083826.31 | |
| 010 | @a978-7-5085-1264-8@dCNY50.00 | |
| 100 | @a20090515d2008 ekmy0 y0120 ea | |
| 102 | @aCN@b130000 | |
| 105 | @ay z 000yy | |
| 200 | 1 | @a奥林匹克在天津1896-2008@f天津市人民政府新闻办公室编著@Ftian jin shi ren min zheng fu xin wen ban gong shi bian zhu |
| 210 | @a北京@c五洲传播出版社@d2008.04 | |
| 215 | @a208页@d20cm | |
| 606 | 0 | @a体育事业@x世界 |
| 690 | @aG812.721@v4 | |
| 711 | 02 | @a天津市人民政府新闻办公室@Atian jin shi ren min zheng fu xin wen ban gong shi@4编著 |
| 801 | 0 | @aCN@c20091009 |
| 905 | @a10447@dG812.721@eT544 | |
| 906 | @d50@n3@r1 | |
| 奥林匹克在天津1896-2008/天津市人民政府新闻办公室编著.-北京:五洲传播出版社,2008.04 |
| 208页;20cm |
| ISBN 978-7-5085-1264-8:CNY50.00 |
| ● |
| 相关链接 |
|
|
|
正题名:奥林匹克在天津1896-2008
索取号:G812.721/T544
 
预约/预借
| 序号 | 登录号 | 条形码 | 馆藏地/架位号 | 状态 | 备注 |
| 1 | 657135 | 206571351 | 社科库409/409社科库 21排3列2层/ [索取号:G812.721/T544] | 在馆 | |
| 2 | 657136 | 206571360 | 社科库409/409社科库 21排3列2层/ [索取号:G812.721/T544] | 在馆 | |
| 3 | 657137 | 206571379 | 社科库409/409社科库 21排3列2层/ [索取号:G812.721/T544] | 在馆 |